00718nam a2200217Ia 4500003000900000008004100009020002200050040001600072080001300088100003200101245009700133260004300230300001500273650001400288650001900302650001700321650001000338942000700348999001700355952012800372IN-BaIIA211028s9999 xx 000 0 eng d a978-81-224-2176-7 cIIA Library a523bKRI aKrishna Swamy, K. S.914717 0aUnderstanding cosmic panoramacK. S. Krishna Swamy  aNew DelhibNew Age Internationalc2008 aiii, 126p. aCosmology aGalaxies91286 aSolar system aStars cBK c16716d16716 00104070aBANbBANcGENd2007-12-15eANJ g195.00l0o523/ KRIp17638r2021-11-05v195.00w2007-12-15yBKGRs. 195.00